000
00283nam a2200109Ia 4500
008
230822s1927 xx 000 0 und d
041
_a
eng
100
_a
IX TH VOL.I
245
_a
CYCLOPEDIA CIVIL ENGINEERING
260
_b
AMERICAN SOCIETY OF PLANT PHYSIOLOGISTS
_c
1927
300
_a
1
999
_c
861821
_d
861821